006900000a22002410004500500004500000650002700045650001200072650003300084650003100117650002300148082001800171518001100189530000600200100002100206100001700227100002100244245009800265020001800363260003700381260000900418041000800427300001300435 aBibliography at the end of each chapters aEducational management aSchools aTeacher student relationship aParent-school relationship aEducational policy a371bG794ccT a980519 aM aGray, Peter, ed. aMiller, Andy aNoakes, Jim, ed. aChallenging behaviour in school; teacher support, practical techniques and policy development a0-415-09974-9 aLondonbRoutledge, Great Britain c1994 aEng ax, 271p.